| 000 | 00569nam a22001937a 4500 | ||
|---|---|---|---|
| 999 |
_c23680 _d23680 |
||
| 003 | BDDh-ASL | ||
| 005 | 20231015030255.0 | ||
| 008 | 210401s1978 bg ||||| |||| 00| 0 eng d | ||
| 040 |
_aBDDh-ASL _cBDDh-ASL |
||
| 082 |
_a921.91 _bABS |
||
| 100 | 1 |
_93343 _aMojumder, Abu Taher |
|
| 245 | 1 | 0 | _aSir William Jones: A Poetical Study / |
| 260 |
_aDacca: _bBegum Zakia Sultana, _c1978. |
||
| 300 |
_a100 p. : _c22 cm. |
||
| 504 | _aIncludes bibliographical references and index. | ||
| 600 | 1 | 0 |
_93342 _aJones, Sir William |
| 650 | 0 |
_91339 _aBiography |
|
| 942 |
_2ddc _cBK |
||